UBT Library

Write source 2000 : (Record no. 40778)

000 -LEADER
fixed length control field 00703nam a2200217 a 4500
001 - CONTROL NUMBER
control field 1147564
005 - DATE AND TIME OF LATEST TRANSACTION
control field 20180123072035.0
008 - FIXED-LENGTH DATA ELEMENTS--GENERAL INFORMATION
fixed length control field 950113s1995 wiuab 001 0 eng
010 ## - LIBRARY OF CONGRESS CONTROL NUMBER
LC control number 95104475
020 ## - INTERNATIONAL STANDARD BOOK NUMBER
International Standard Book Number 1571850031
020 ## - INTERNATIONAL STANDARD BOOK NUMBER
International Standard Book Number 157185004X (hardcover)
040 ## - CATALOGING SOURCE
Original cataloging agency DLC
Transcribing agency DLC
041 ## - LANGUAGE CODE
Language code of text/sound track or separate title eng
080 ## - UNIVERSAL DECIMAL CLASSIFICATION NUMBER
Universal Decimal Classification number 37 PAT
100 1# - Rafti
Rafti 47
101 ## - Shkurtesa
Shkurtesa EDU
245 10 - TITLE STATEMENT
Title Write source 2000 :
Statement of responsibility, etc written and compiled by Patrick Sebranek, Verne Meyer, Dave Kemper ; illustrated by Chris Krenzke.
906 ## - LOCAL DATA ELEMENT F, LDF (RLIN)
a 7
b cbc
c orignew
d 3
e ncip
f 19
g y-gencatlg
942 ## - ADDED ENTRY ELEMENTS (KOHA)
Source of classification or shelving scheme
Item type Books
Holdings
Withdrawn status Lost status Source of classification or shelving scheme Damaged status Not for loan Collection code Permanent location Current location Shelving location Date acquired Total Checkouts Full call number Barcode Date last seen Price effective from Koha item type
          Koleksioni i përgjithshem UBT - Lipjan UBT - Lipjan Koleksioni i përgjithshem 01/23/2018   37 PAT 002-2996076 01/23/2018 01/23/2018 Books
UBT Library © 2015-2024. All rights reserved University Education for Business and Technology